000 00226nam a2200097Ia 4500
008 240625s9999 xx 000 0 und d
041 _aeng
100 _aP C QUEST
245 _aP C QUEST PCQ LINUX WORKSTATION II
260 _c2006
999 _c33445
_d33445